Score 0/39 Timer 03:00
1 Play Today
% Correct
Swim
98.1%
Run
97.9%
Holy Ghost
97.6%
Father
97.5%
Bike
97.2%
Son
96.8%
Tragedies
95.9%
Bacon
95.8%
Carbohydrates
95.8%
Comedies
95.8%
Lettuce
95.7%
Proteins
95.5%
Tomato
95.4%
Fats
95.3%
Conduction
95.2%
Convection
94.6%
Radiation
94.6%
Kurt Cobain
93.4%
Histories
93.1%
Width
92.6%
% Correct
Length
92.4%
Anvil
92.4%
Liberty
92.3%
Height
92.2%
Equality
91.6%
Ego
91.4%
Hammer
90.4%
Stirrup
90.2%
Shenzi
89%
Dave Grohl
88.6%
Banzai
88%
Id
87.1%
Superego
85.6%
Fraternity
85.2%
Ned Nederlander
83.9%
Ed
82.8%
Dusty Bottoms
81.9%
Krist Novoselic
79.2%
Lucky Day
61.7%
Remove Ads.
Support Sporcle.
Get the best of Sporcle when you Go Orange. This ad-free experience offers more features, more stats, and more fun while also helping to support Sporcle. Thank you for becoming a member.

You're not logged in!

Compare scores with friends on all Sporcle quizzes.
OR
Log In

Show Comments

Extras

Top Quizzes Today


Score Distribution

Your Account Isn't Verified!

In order to create a playlist on Sporcle, you need to verify the email address you used during registration. Go to your Sporcle Settings to finish the process.

Report this User

Report this user for behavior that violates our Community Guidelines.

Details: